000 00384nam a2200145 4500
001 114009
003 ES-MaACL
007 t|
008 061121s1972 sp r ||||1| spa d
100 1 _aNorris, P. E.
_986002
245 1 0 _aFrutas, hortalizas y ensaladas /
_cP. E. Norris.
260 _aMadrid :
_bReus,
_c1972.
300 _a68 p. ;
_c18 cm.
852 _aES-MaACL
_jL-5435
_bR.84016
999 _c114009
_d114009